| 000 | 00502nam a2200133 a 4500 | ||
|---|---|---|---|
| 008 | 120416s1989 xx |||||||||||||| || u | ||
| 050 | _aTD 365 Aqu | ||
| 100 | _aNriagu, Jerome O | ||
| 245 | 1 | 0 |
_aAquatic toxicology and water quality management _cedited by Jerome O. Nriagu |
| 260 | _c1989 | ||
| 350 | _a0.00 | ||
| 700 | _aLakshminarayana, J. S. S | ||
| 995 |
_D0.00 _FCBU-MAIN LIBRARY (Kitwe) _H1 _I47.95 _UAVAILABLE _ZMain Library Open Access Collection |
||
| 999 |
_c34689 _d34689 |
||